| 000 | 00832nas a2200265 4500 | ||
|---|---|---|---|
| 001 | BR2012007527 | ||
| 003 | BR-BrBNA | ||
| 005 | 20231205121257.0 | ||
| 007 | ta | ||
| 008 | 230509b bl.|||p| |||| 00| 00por d | ||
| 040 |
_aBR-BrBNA _bpor _cBiblioteca Nacional de Agricultura |
||
| 041 | _a(Pt) | ||
| 072 | _aE14; E50; E10 | ||
| 100 | 1 | _aSilva, M.M.N.B. e | |
| 245 | 1 | _aA relação economia e política versus falta de modernização econômica no Piauí | |
| 650 | _aECONOMETRIA | ||
| 650 | _aPOLÍTICA | ||
| 650 | _aMODERNIZAÇÃO | ||
| 650 | _aSOCIEDADE | ||
| 650 | _aDESENVOLVIMENTO SÓCIO-ECONÔMICO | ||
| 650 | _aPIAUÍ | ||
| 773 | 0 |
_tRevista Econômica do Nordeste (Brazil) _xISSN 0100-4956 _g(Jul-Sep 2009), v. 40(3) p. 425-435 _wBR2012007527 |
|
| 909 |
_a202311 _bLúcia _c55 _dLúcia Elande |
||
| 942 |
_2AGRIS _n0 _cANA |
||
| 999 |
_c222705 _d222705 |
||